| 000 | 00824cam6a220022900 4500 | ||
|---|---|---|---|
| 001 | qce00710357 | ||
| 005 | 20190830095633.0 | ||
| 008 | 890309s1962 ilua 000 0 eng d | ||
| 035 | _a(Sirsi) r65192 | ||
| 035 | _a(QCAT)lss05696329 | ||
| 035 | _a(UPRA)qce00710357 | ||
| 040 | _dUPRA | ||
| 100 | 1 |
_aSamter, Virginia. _6A25202.1 |
|
| 245 | 1 | 4 | _aThe heart in anatomical transparencies. |
| 260 |
_aChicago, IL : _bAbbott Laboratories, _cc1962. |
||
| 500 | _a"Prepared by Virginia Samter and Arnold W. Ryan under the supervision of Dr. Arnold Zimmermann"--P. 3 of cover. | ||
| 650 | 2 |
_aHeart -- anatomy and histology _xHeart -- anatomy and histology _6S18281.1 |
|
| 700 | 1 |
_aRyan, Arnold W. _6A25203.1 |
|
| 710 | 2 |
_aAbbott Laboratories. _6A25204.1 |
|
| 949 |
_aQM181 _wlcc _i-87043 _mMAIN _tBOOK _lON-SHELF |
||
| 004 | 65192 | ||
| 999 |
_c180863 _d180863 |
||